[Event "Santiago del Estero"]
[Site "Santiago del Estero"]
[Date "2019.10.11"]
[Round "2"]
[White "Cimer, Emanuel"]
[Black "Spata, German"]
[Result "1/2-1/2"]
[WhiteElo "2213"]
[BlackElo "2311"]
[PlyCount "40"]
[EventDate "2019.10.10"]
[EventType "tourn"]
[EventRounds "9"]
[EventCountry "ARG"]
[EventCategory "3"]
[SourceTitle "CBM 192 Extra"]
[Source "Chessbase"]
[SourceDate "2019.11.06"]
[SourceVersion "1"]
[SourceVersionDate "2019.11.06"]
[SourceQuality "1"]

1. e4 c5 2. Nf3 e6 3. g3 Nc6 4. Bg2 Nf6 5. e5 Ng4 6. d4 cxd4 7. 0-0 Ngxe5 8. Nxe5 Nxe5 9. Qxd4 Nc6 10. Qg4 g6 11. Bg5 f6 12. Be3 d5 13. Rd1 Bg7 14. Qe2 Qc7 15. c4 d4 16. Bxd4 Nxd4 17. Rxd4 f5 18. Rd2 0-0 19. Na3 a6 20. Rad1 e5 1/2-1/2

[Event "ARG-ch sf 94th"]
[Site "Buenos Aires"]
[Date "2019.04.03"]
[Round "5"]
[White "Cimer, Emanuel"]
[Black "Pierrot, Juan Facundo"]
[Result "0-1"]
[WhiteElo "2201"]
[BlackElo "2383"]
[PlyCount "62"]
[EventDate "2019.03.30"]
[EventType "swiss"]
[EventRounds "9"]
[EventCountry "ARG"]
[SourceTitle "CBM 189 Extra"]
[Source "ChessBase"]
[SourceDate "2019.06.03"]
[SourceVersion "1"]
[SourceVersionDate "2019.06.03"]
[SourceQuality "1"]

1. e4 e6 2. Nf3 d5 3. Nc3 Nf6 4. e5 Nfd7 5. d4 c5 6. dxc5 Nc6 7. Bf4 Nxc5 8. Be2 Be7 9. h4 a6 10. h5 0-0 11. h6 g6 12. Bd3 Bd7 13. a3 Rc8 14. Ne2 b5 15. 0-0 b4 16. a4 b3 17. cxb3 Nb4 18. Bb1 Qb6 19. Bg5 Bxg5 20. Nxg5 Nc6 21. Nf4 Nxe5 22. Qd4 Qd6 23. Ra3 f6 24. b4 Nb7 25. Ngh3 Rc4 26. Qa7 Rxb4 27. a5 Nc5 28. Rc1 Rc4 29. Rxc4 dxc4 30. Rg3 Nc6 31. Nxg6 Nxa7 0-1

[Event "ARG-ch sf 94th"]
[Site "Buenos Aires"]
[Date "2019.03.31"]
[Round "2"]
[White "Mussanti, Diego"]
[Black "Cimer, Emanuel"]
[Result "0-1"]
[WhiteElo "2324"]
[BlackElo "2201"]
[PlyCount "124"]
[EventDate "2019.03.30"]
[EventType "swiss"]
[EventRounds "9"]
[EventCountry "ARG"]
[SourceTitle "CBM 189 Extra"]
[Source "ChessBase"]
[SourceDate "2019.06.03"]
[SourceVersion "1"]
[SourceVersionDate "2019.06.03"]
[SourceQuality "1"]

1. e4 c5 2. Nf3 Nc6 3. d4 cxd4 4. Nxd4 Nf6 5. Nc3 e5 6. Ndb5 d6 7. Bg5 a6 8. Na3 b5 9. Bxf6 gxf6 10. Nd5 f5 11. Bd3 Be6 12. Qh5 Bg7 13. 0-0 f4 14. c4 bxc4 15. Bxc4 0-0 16. Rac1 Rb8 17. b3 Qd7 18. Rfd1 Kh8 19. Qh4 Bxd5 20. Bxd5 Nd4 21. Rc4 Rg8 22. Rd3 Bf8 23. Rcxd4 Be7 24. Qh5 exd4 25. Qxf7 Qg4 26. g3 Rg7 27. f3 Qg5 28. Qf5 fxg3 29. Qxg5 gxh2+ 30. Kxh2 Bxg5 31. Rxd4 Rf8 32. Rb4 Bf4+ 33. Kh1 Be3 34. Nc4 Bc5 35. Rb7 Rxb7 36. Bxb7 Rxf3 37. Bxa6 Rf1+ 38. Kg2 Rf2+ 39. Kg3 Rxa2 40. Bb7 Kg7 41. Kf3 h5 42. e5 dxe5 43. Nxe5 Bd6 44. Nc4 Bc7 45. Ne3 Kg6 46. Bd5 Kg5 47. Be6 Rb2 48. Nd1 Rb1 49. Nf2 Rf1 50. Ke2 Rc1 51. Bd5 Rc2+ 52. Kf3 Rc3+ 53. Kg2 Rg3+ 54. Kf1 Kf4 55. Ke2 Rg7 56. b4 Bb6 57. Nd3+ Kg3 58. b5 h4 59. Nb2 h3 60. Nc4 Bc5 61. b6 Re7+ 62. Kf1 Bb4 0-1

[Event "Buenos Aires Szmetan Giardelli op"]
[Site "Buenos Aires"]
[Date "2018.12.12"]
[Round "9"]
[White "Brizzi, Milagros Tatiana"]
[Black "Cimer, Emanuel"]
[Result "1-0"]
[WhiteElo "2063"]
[BlackElo "2236"]
[PlyCount "71"]
[EventDate "2018.12.04"]
[EventType "swiss"]
[EventRounds "9"]
[EventCountry "ARG"]
[SourceTitle "CBM 187 Extra"]
[Source "ChessBase"]
[SourceDate "2018.11.04"]
[SourceVersion "1"]
[SourceVersionDate "2018.11.04"]
[SourceQuality "1"]

1. e4 c5 2. Nf3 Nc6 3. d4 cxd4 4. Nxd4 Nf6 5. Nc3 e5 6. Ndb5 d6 7. Bg5 a6 8. Na3 b5 9. Bxf6 gxf6 10. Nd5 f5 11. Bd3 Be6 12. 0-0 Bxd5 13. exd5 Ne7 14. c3 Bg7 15. Qh5 e4 16. Bc2 0-0 17. Rae1 Qc8 18. f3 b4 19. Nb1 bxc3 20. Nxc3 Rb8 21. Bb3 Bxc3 22. bxc3 Qxc3 23. Qg5+ Ng6 24. Qxf5 e3 25. Re2 Rfe8 26. Rfe1 Kg7 27. g3 a5 28. f4 Re7 29. Qc2 Qd4 30. Qc4 Qa7 31. Kg2 f6 32. Kf3 Reb7 33. Qc3 Rc7 34. Qxe3 Qb7 35. Qe6 Ne7 36. Qxe7+ 1-0

[Event "American Continental 14th"]
[Site "Montevideo"]
[Date "2018.06.04"]
[Round "5"]
[White "Vera Siguenas, Deivy Anthoni"]
[Black "Cimer, Emanuel"]
[Result "1-0"]
[WhiteElo "2516"]
[BlackElo "2262"]
[PlyCount "69"]
[EventDate "2018.06.01"]
[EventType "swiss"]
[EventRounds "11"]
[EventCountry "URU"]
[SourceTitle "CBM 184 Extra"]
[Source "ChessBase"]
[SourceDate "2018.06.28"]
[SourceVersion "1"]
[SourceVersionDate "2018.06.28"]
[SourceQuality "1"]

1. d4 Nf6 2. c4 g6 3. Nc3 Bg7 4. e4 d6 5. h3 0-0 6. Be3 Nbd7 7. Nf3 e5 8. d5 Nc5 9. Qc2 a5 10. Be2 a4 11. g4 Re8 12. a3 Bd7 13. Nd2 Rf8 14. 0-0-0 c6 15. Rdg1 Ne8 16. g5 cxd5 17. exd5 Bf5 18. Nde4 b5 19. Bxc5 dxc5 20. cxb5 Nd6 21. f3 Qb6 22. Kb1 c4 23. Qc1 Nxb5 24. Nxb5 Qxb5 25. Bxc4 Qb6 26. Qd2 Rab8 27. Rc1 Rb7 28. Rhd1 Rfb8 29. Rc2 Bf8 30. d6 Rd8 31. Bd5 Rbb8 32. Rc6 Qb5 33. Rc7 Bxe4+ 34. fxe4 Rxd6 35. Qf2 1-0

[Event "ARG-ch sf 93rd"]
[Site "Buenos Aires"]
[Date "2018.05.20"]
[Round "2"]
[White "Gimenez, Ismael"]
[Black "Cimer, Emanuel"]
[Result "1/2-1/2"]
[WhiteElo "2145"]
[BlackElo "2305"]
[PlyCount "67"]
[EventDate "2018.05.19"]
[EventType "swiss"]
[EventRounds "9"]
[EventCountry "ARG"]
[SourceTitle "CBM 184 Extra"]
[Source "ChessBase"]
[SourceDate "2018.06.28"]
[SourceVersion "1"]
[SourceVersionDate "2018.06.28"]
[SourceQuality "1"]

1. c4 g6 2. Nc3 Bg7 3. g3 d6 4. Bg2 e5 5. d3 Nc6 6. Rb1 a5 7. a3 Nf6 8. Nf3 0-0 9. 0-0 h6 10. b4 axb4 11. axb4 Be6 12. b5 Ne7 13. Qb3 Qc8 14. Ba3 Bh3 15. Ra1 Bxg2 16. Kxg2 Qe6 17. e4 Nh5 18. Nd5 Nxd5 19. cxd5 Qg4 20. Ng1 b6 21. Bb4 Rxa1 22. Rxa1 f5 23. Qd1 Qg5 24. Bd2 Qf6 25. f3 g5 26. Rc1 Rf7 27. Qe2 Qg6 28. Rc6 Nf6 29. Rc4 h5 30. h3 g4 31. hxg4 hxg4 32. fxg4 Nxg4 33. Nf3 Qh5 34. Rc1 1/2-1/2

[Event "Rosario 3rd"]
[Site "Rosario"]
[Date "2017.12.26"]
[Round "1"]
[White "Cimer, Emanuel"]
[Black "Di Giannantonio, Nino"]
[Result "0-1"]
[WhiteElo "2240"]
[BlackElo "2371"]
[PlyCount "62"]
[EventDate "2017.12.26"]
[EventType "tourn"]
[EventRounds "9"]
[EventCountry "ARG"]
[EventCategory "2"]
[SourceTitle "CBM 182 Extra"]
[Source "ChessBase"]
[SourceDate "2018.02.23"]
[SourceVersion "1"]
[SourceVersionDate "2018.02.23"]
[SourceQuality "1"]

1. e4 e5 2. Nf3 Nc6 3. Bb5 a6 4. Ba4 Nf6 5. d3 d6 6. c3 g6 7. 0-0 Bg7 8. Re1 0-0 9. Nbd2 b5 10. Bc2 Re8 11. h3 Bb7 12. Nf1 Nb8 13. Ng3 c5 14. a4 Nbd7 15. Be3 d5 16. Qd2 Qe7 17. Bh6 Qf8 18. Bxg7 Qxg7 19. Ra3 dxe4 20. dxe4 Nb6 21. Qe2 Bc6 22. a5 Nc4 23. Ra2 Qh6 24. Rd1 Rad8 25. Rxd8 Rxd8 26. b3 Qc1+ 27. Kh2 Nd2 28. Nxe5 Bxe4 29. Bd3 Qxc3 30. Rxd2 Qxe5 31. Qe3 Qd4 0-1

[Event "Villa Martelli ProAm op 24th"]
[Site "Villa Martelli"]
[Date "2017.10.08"]
[Round "9"]
[White "Llanos, Guillermo"]
[Black "Cimer, Emanuel"]
[Result "1/2-1/2"]
[WhiteElo "2294"]
[BlackElo "2237"]
[PlyCount "156"]
[EventDate "2017.10.01"]
[EventType "swiss"]
[EventRounds "9"]
[EventCountry "ARG"]
[SourceTitle "CBM 181 Extra"]
[Source "ChessBase"]
[SourceDate "2017.12.12"]
[SourceVersion "1"]
[SourceVersionDate "2017.12.12"]
[SourceQuality "1"]

1. g3 g6 2. Bg2 Bg7 3. d4 Nf6 4. e4 d6 5. Nc3 0-0 6. Nge2 e5 7. h3 Nc6 8. Be3 exd4 9. Nxd4 Ne5 10. Qe2 c5 11. Nf3 Nc6 12. 0-0-0 Qe7 13. Bg5 Be6 14. Rhe1 Rfd8 15. Nd5 Bxd5 16. exd5 Qxe2 17. Rxe2 Nb4 18. c3 Nbxd5 19. Nh2 h6 20. Bxd5 hxg5 21. Bxb7 Rab8 22. Bf3 Kf8 23. Ng4 Nxg4 24. hxg4 Be5 25. Re4 f5 26. Ra4 Rd7 27. gxf5 gxf5 28. Bd5 f4 29. g4 Kg7 30. Rh1 Rh8 31. Rxh8 Kxh8 32. Kd2 Kg7 33. Ra6 Rc7 34. Kd3 Kf6 35. f3 Ke7 36. Kc4 Kd7 37. Be4 Ke6 38. Ra3 Kd7 39. Rb3 Kc8 40. Bf5+ Kd8 41. Rb8+ Ke7 42. Be4 Bf6 43. Bd5 Bg7 44. a4 Bf6 45. a5 Bg7 46. a6 Bf6 47. Be4 Ke6 48. Bd5+ Ke5 49. Rf8 Rd7 50. Ra8 Bd8 51. Bc6 d5+ 52. Kxc5 Bb6+ 53. Kb5 Rd8 54. Rxd8 Bxd8 55. Kb4 Bb6 56. Kb3 Be3 57. Kc2 Bf2 58. Kd3 Bg1 59. Ba4 Bf2 60. b4 Bg1 61. Bd1 Bf2 62. Be2 Bg1 63. Kd2 Bf2 64. Bd1 Bg1 65. Be2 Bf2 66. Kc2 Bg1 67. Bd1 Bf2 68. Kd2 Bg1 69. Bb3 Bf2 70. Ba2 Bg1 71. Kc2 Bf2 72. Kb3 Bg1 73. Bb1 Bf2 74. Bd3 Bg1 75. Ka4 Bf2 76. Bc2 Bg1 77. Kb5 Kd6 78. Bb3 Bf2 1/2-1/2

[Event "Villa Martelli ProAm op 24th"]
[Site "Villa Martelli"]
[Date "2017.10.06"]
[Round "7"]
[White "Olivera, Horacio"]
[Black "Cimer, Emanuel"]
[Result "0-1"]
[WhiteElo "2097"]
[BlackElo "2237"]
[PlyCount "82"]
[EventDate "2017.10.01"]
[EventType "swiss"]
[EventRounds "9"]
[EventCountry "ARG"]
[SourceTitle "CBM 181 Extra"]
[Source "ChessBase"]
[SourceDate "2017.12.12"]
[SourceVersion "1"]
[SourceVersionDate "2017.12.12"]
[SourceQuality "1"]

1. c4 g6 2. Nc3 Bg7 3. g3 d6 4. Bg2 e5 5. e3 Nc6 6. Nge2 f5 7. d3 Nf6 8. 0-0 0-0 9. Rb1 a5 10. b3 Be6 11. d4 Bf7 12. dxe5 dxe5 13. Ba3 Qxd1 14. Rfxd1 Rfd8 15. Nb5 a4 16. Nec3 axb3 17. axb3 e4 18. Bb2 Ne8 19. f3 exf3 20. Bxf3 Na5 21. Ba1 Rxd1+ 22. Bxd1 Rd8 23. Ne2 Bh6 24. Kf2 c6 25. Nbc3 Nf6 26. h3 Re8 27. Nf4 g5 28. Nfe2 g4 29. Nf4 gxh3 30. Bf3 Bxf4 31. gxf4 h5 32. Na4 Ng4+ 33. Bxg4 fxg4 34. Bf6 b5 35. cxb5 cxb5 36. Nc5 Bd5 37. Be5 Bf3 38. Kg3 h4+ 39. Kh2 Bg2 40. Rd1 g3+ 41. Kg1 Bf3 0-1

[Event "Villa Martelli ProAm op 24th"]
[Site "Villa Martelli"]
[Date "2017.10.04"]
[Round "5"]
[White "Sosa, Ruben"]
[Black "Cimer, Emanuel"]
[Result "0-1"]
[WhiteElo "1843"]
[BlackElo "2237"]
[PlyCount "46"]
[EventDate "2017.10.01"]
[EventType "swiss"]
[EventRounds "9"]
[EventCountry "ARG"]
[SourceTitle "CBM 181 Extra"]
[Source "ChessBase"]
[SourceDate "2017.12.12"]
[SourceVersion "1"]
[SourceVersionDate "2017.12.12"]
[SourceQuality "1"]

1. e4 c5 2. Nf3 d6 3. c3 Nf6 4. Qc2 g6 5. Bc4 Bg7 6. d3 0-0 7. Be3 Nc6 8. Nbd2 Na5 9. 0-0-0 Bd7 10. d4 b5 11. Be2 c4 12. h4 Rb8 13. h5 b4 14. hxg6 hxg6 15. Bxc4 bxc3 16. bxc3 Nxc4 17. Nxc4 Qc8 18. Nb2 Nxe4 19. Ng5 Nxc3 20. Rd3 Nxa2+ 21. Kd1 Qxc2+ 22. Kxc2 Bf5 23. Kb1 Nb4 0-1

[Event "Villa Martelli ProAm op 24th"]
[Site "Villa Martelli"]
[Date "2017.10.02"]
[Round "3"]
[White "Slipak, Sergio"]
[Black "Cimer, Emanuel"]
[Result "1-0"]
[WhiteElo "2437"]
[BlackElo "2237"]
[PlyCount "43"]
[EventDate "2017.10.01"]
[EventType "swiss"]
[EventRounds "9"]
[EventCountry "ARG"]
[SourceTitle "CBM 181 Extra"]
[Source "ChessBase"]
[SourceDate "2017.12.12"]
[SourceVersion "1"]
[SourceVersionDate "2017.12.12"]
[SourceQuality "1"]

1. d4 Nf6 2. c3 g6 3. Bg5 Bg7 4. Nd2 d5 5. e3 0-0 6. Bd3 Nbd7 7. f4 c5 8. Ngf3 b6 9. 0-0 Bb7 10. Ne5 Rc8 11. Qf3 Ne8 12. Qh3 Rc7 13. Ng4 Bc8 14. f5 Ndf6 15. Nh6+ Bxh6 16. Qxh6 Ng7 17. Bxf6 exf6 18. g4 Qd6 19. Rf3 Re7 20. Rh3 Nh5 21. gxh5 g5 22. Rg3 1-0

[Event "Andorra op 35th"]
[Site "Escaldes"]
[Date "2017.07.26"]
[Round "5"]
[White "Cimer, Emanuel"]
[Black "Kobo, Ori"]
[Result "1/2-1/2"]
[WhiteElo "2213"]
[BlackElo "2494"]
[PlyCount "58"]
[EventDate "2017.07.22"]
[EventType "swiss"]
[EventRounds "9"]
[EventCountry "AND"]
[SourceTitle "CBM 179 Extra"]
[Source "ChessBase"]
[SourceDate "2017.08.23"]
[SourceVersion "1"]
[SourceVersionDate "2017.08.23"]
[SourceQuality "1"]

1. e4 e6 2. Nf3 d5 3. Nc3 d4 4. Ne2 c5 5. c3 Nf6 6. Ng3 a6 7. d3 Nc6 8. Be2 Bd6 9. cxd4 cxd4 10. 0-0 h5 11. Ne1 h4 12. Nh1 Qb6 13. f4 e5 14. f5 Bd7 15. Nf2 0-0-0 16. Rb1 Kb8 17. Bg5 Rc8 18. a3 Rh7 19. Nf3 Rch8 20. Qc2 Ne8 21. Rfc1 f6 22. Bd2 Nc7 23. Be1 g6 24. Nd2 Bf8 25. Nc4 Qa7 26. fxg6 Rg7 27. Bg4 Bxg4 28. Nxg4 Rxg6 29. h3 Rh7 1/2-1/2